Psicopatología de la vida quotidiana / (Record no. 65467)

MARC details
000 -LEADER
campo de control de longitud fija 00690nam a2200205 i 4500
001 - NÚMERO DE CONTROL
campo de control 65467
003 - IDENTIFICADOR DE NÚMERO DE CONTROL
campo de control ES-MaACL
005 - FECHA Y HORA DE LA ÚLTIMA TRANSACCIÓN
campo de control 20240125063133.0
007 - CAMPO FIJO DE DESCRIPCIÓN FÍSICA--INFORMACIÓN GENERAL
campo de control de longitud fija t|
008 - DATOS DE LONGITUD FIJA--INFORMACIÓN GENERAL
campo de control de longitud fija 040114s1966 sp ||||1| cat d
100 1# - ENTRADA PRINCIPAL--NOMBRE DE PERSONA
Nombre de persona Freud, Sigmund,
Fechas asociadas al nombre 1856-1939
9 (RLIN) 52547
245 10 - MENCIÓN DEL TÍTULO
Título Psicopatología de la vida quotidiana /
Mención de responsabilidad, etc. Sigmund Freud ; próleg de Delfí Abella ; [traducció de Michael Faber-Kaiser].
250 ## - MENCION DE EDICION
Mención de edición [1ª ed.].
260 ## - PUBLICACIÓN, DISTRIBUCIÓN, ETC.
Lugar de publicación, distribución, etc. Barcelona :
Nombre del editor, distribuidor, etc. Edicions 62,
Fecha de publicación, distribución, etc. [1966]
300 ## - DESCRIPCIÓN FÍSICA
Extensión 298 p. :
Otras características físicas retr. aut. ;
Dimensiones 20 cm.
700 0# - ENTRADA AGREGADA--NOMBRE PERSONAL
Nombre de persona Faber-Kaiser, Michael.
9 (RLIN) 48510
700 1# - ENTRADA AGREGADA--NOMBRE PERSONAL
Nombre de persona Abella, Delfí,
Fechas asociadas al nombre 1925-2007
9 (RLIN) 144802
852 ## - LOCALIZACIÓN
Ubicación ES-MaACL
Número de control de estantería C-29804
Sublocalización o colección R.60394
Holdings
Estatus retirado Estado de pérdida Estado de daño No para préstamo Biblioteca de origen Biblioteca actual Ubicación en estantería Fecha de adquisición Fuente de adquisición Total de préstamos Signatura topográfica completa Código de barras Visto por última vez Precio de reemplazo Tipo de ítem Koha
        Biblioteca del Ateneo de Madrid Biblioteca del Ateneo de Madrid Depósito 2 17/01/2008     C-29804 1068591 23/02/2023 23/02/2023 Libro impreso